[Event "Ct. Catalunya eq DH"]
[Site "?"]
[Date "2012.??.??"]
[Round "5.2"]
[White "Rodriguez Cespedes, A."]
[Black "Moskalenko, V."]
[Result "0-1"]
[WhiteElo "2473"]
[BlackElo "2579"]
[PlyCount "104"]
[EventDate "2012.??.??"]
[EventType "team"]
[EventRounds "11"]

1. d4 e6 2. c4 f5 3. g3 Nf6 4. Bg2 c6 5. Nd2 d5 6. Nh3 Bd6 7. O-O O-O 8. Qc2
Qe7 9. Nf3 Ne4 10. Bf4 Nd7 11. Bxd6 Nxd6 12. cxd5 exd5 13. Nf4 Nf6 14. Ne5 Ng4
15. Nfd3 Nxe5 16. Nxe5 f4 17. Qc5 Be6 18. e3 fxe3 19. fxe3 Rfe8 20. Rf4 Nf7 21.
Nd3 Ng5 22. h4 Nf7 23. Raf1 Qxc5 24. Nxc5 Nd6 25. b3 Re7 26. e4 dxe4 27. Nxe4
Nxe4 28. Rxe4 Rae8 29. Rfe1 Kf8 30. Re5 Bf7 31. Bh3 Rxe5 32. dxe5 Ke7 33. Rd1
Be6 34. Bg2 a5 35. Rd4 Rd8 36. Rxd8 Kxd8 37. Kf2 Kc7 38. Ke3 b5 39. Be4 h6 40.
Kd4 Kb6 41. Bc2 c5+ 42. Kc3 b4+ 43. Kd3 a4 44. Ke4 a3 45. Bb1 Kc6 46. h5 Kd7
47. Kf4 Ke7 48. g4 c4 49. bxc4 Bxc4 50. g5 b3 51. axb3 Bxb3 52. Kf5 Bc2+ 0-1

[Event "Ct. Catalunya eq DH"]
[Site "?"]
[Date "2012.02.25"]
[Round "5.3"]
[White "Baches Garcia, G."]
[Black "Baron Isanta, JM."]
[Result "1-0"]
[WhiteElo "2433"]
[BlackElo "2407"]
[PlyCount "117"]
[EventDate "2012.??.??"]
[EventType "team"]
[EventRounds "11"]

1. e4 c6 2. c4 d5 3. exd5 cxd5 4. cxd5 Nf6 5. Nc3 Nxd5 6. Nf3 Nxc3 7. bxc3 g6
8. Bc4 Bg7 9. O-O O-O 10. Re1 Nc6 11. Bb3 Na5 12. d4 b6 13. Bg5 Re8 14. Qe2
Nxb3 15. axb3 Bb7 16. Rad1 Qc8 17. c4 e6 18. Bf4 Qc6 19. Qe3 a5 20. Rc1 Rad8
21. Red1 Bf8 22. Bg5 Rc8 23. Re1 Be7 24. h4 f6 25. Bf4 Bf8 26. h5 gxh5 27. Bh6
Ba3 28. Ra1 Bb4 29. Qf4 Qc7 30. Qxf6 Bxe1 31. Qg5+ Kh8 32. Rxe1 Bxf3 33. Qf6+
Kg8 34. Re5 Be4 35. Rxe4 Qf7 36. Qg5+ Qg6 37. Qe3 a4 38. Re5 Kh8 39. Rg5 Qf6
40. Bg7+ Qxg7 41. Rxg7 Kxg7 42. Qg5+ Kh8 43. bxa4 Rxc4 44. Qb5 Rcc8 45. Qxb6
Kg7 46. Kh2 Re7 47. Kg3 Rc2 48. Qd6 Kf7 49. Qf4+ Ke8 50. Qb8+ Kf7 51. Qf4+ Ke8
52. Qe5 Ra2 53. Qxh5+ Kf8 54. Qf3+ Kg7 55. Qb3 Re2 56. a5 Kf8 57. a6 Re1 58. a7
Rg7+ 59. Kh2 1-0

[Event "Ct. Catalunya eq DH"]
[Site "?"]
[Date "2012.02.25"]
[Round "5.3"]
[White "Cruz Sanchez, C."]
[Black "Iglesias, J."]
[Result "1/2-1/2"]
[WhiteElo "2555"]
[BlackElo "2391"]
[PlyCount "86"]
[EventDate "2012.??.??"]
[EventType "team"]
[EventRounds "11"]

1. d4 Nf6 2. c4 g6 3. Nc3 Bg7 4. e4 d6 5. Nf3 O-O 6. Be2 Bg4 7. Ng1 Bc8 8. Be3
e5 9. Nf3 exd4 10. Nxd4 Re8 11. f3 c6 12. O-O d5 13. cxd5 cxd5 14. Kh1 dxe4 15.
Bb5 Bd7 16. fxe4 Nc6 17. Bc4 Nxd4 18. Bxd4 Be6 19. Bxe6 Rxe6 20. e5 Nd7 21. Qf3
Qf8 22. Qxb7 Nxe5 23. Rae1 a5 24. Bxe5 Rxe5 25. Rxe5 Bxe5 26. Rxf7 Qxf7 27.
Qxa8+ Kg7 28. Qf3 Bxc3 29. Qxc3+ Kg8 30. Qb3 Qxb3 31. axb3 Kf7 32. Kg1 Ke6 33.
Kf2 Kd5 34. Ke3 Kc5 35. Kd3 Kb4 36. Kc2 h6 37. g4 h5 38. gxh5 gxh5 39. h4 Kb5
40. Kc3 Kc5 41. Kd3 Kb4 42. Kc2 Kb5 43. Kc3 Kc5 1/2-1/2

[Event "Ct. Catalunya eq DH"]
[Site "?"]
[Date "2012.??.??"]
[Round "5.3"]
[White "Fluvia Poyatos, Jordi"]
[Black "Matnadze, A."]
[Result "1/2-1/2"]
[WhiteElo "2499"]
[BlackElo "2498"]
[PlyCount "157"]
[EventDate "2012.??.??"]
[EventType "team"]
[EventRounds "11"]

1. g3 e5 2. d3 g6 3. Bg2 Bg7 4. c4 Ne7 5. Nc3 O-O 6. Nf3 c6 7. O-O d5 8. Qb3 d4
9. Na4 h6 10. e3 Na6 11. exd4 exd4 12. Re1 c5 13. Bd2 Nf5 14. Qa3 Qc7 15. Bf4
Nd6 16. Nd2 Bf5 17. g4 Bxg4 18. Bxd6 Qxd6 19. Ne4 Qf4 20. Naxc5 Nxc5 21. Qxc5
Rfe8 22. Qd5 Re5 23. Qxd4 Rh5 24. Nf6+ Qxf6 25. Qxg4 Rd8 26. Qf3 Qd6 27. h3
Bxb2 28. Rab1 Bd4 29. Qxb7 Qg3 30. Qf3 Rxh3 31. Qxg3 Rxg3 32. Rb3 Rg5 33. Kf1
Rd6 34. Rb5 Rxb5 35. cxb5 Bb6 36. Ke2 Re6+ 37. Kf1 Rd6 38. Ke2 Re6+ 39. Kf1 Rf6
40. Re2 Rd6 41. Rd2 Kg7 42. Ke2 Kf6 43. Rc2 g5 44. Rc6 Ke5 45. f4+ gxf4 46. Bf3
f5 47. Rxd6 Kxd6 48. Bc6 Kc5 49. Be8 Kb4 50. Bc6 Kc3 51. Be8 Bc5 52. Bd7 Be3
53. Be8 Bb6 54. Bg6 Kb4 55. Be8 Bc7 56. Kf3 Kc3 57. Ke2 Kd4 58. Bg6 Ke5 59. Bh5
Kf6 60. Bf3 Bb6 61. Kf1 Kg5 62. Kg2 h5 63. Bd5 h4 64. Bc6 Kf6 65. Kh3 Kg5 66.
Kg2 Bd8 67. Bb7 Kf6 68. d4 Bb6 69. a4 Ke6 70. Kh3 Bd8 71. a5 Bxa5 72. Kxh4 Bb6
73. Kh3 Bxd4 74. Kg2 Kd6 75. Bf3 Kc5 76. Be2 Be5 77. Kf3 Bc7 78. Bf1 Kb6 79.
Be2 1/2-1/2

[Event "Ct. Catalunya eq DH"]
[Site "?"]
[Date "2012.02.25"]
[Round "5.3"]
[White "Jerez Perez, A."]
[Black "Alonso Rosell, A."]
[Result "1/2-1/2"]
[WhiteElo "2409"]
[BlackElo "2513"]
[PlyCount "30"]
[EventDate "2012.??.??"]
[EventType "team"]
[EventRounds "11"]

1. e4 c5 2. c3 d5 3. exd5 Qxd5 4. d4 g6 5. Nf3 Bg7 6. c4 Qd6 7. d5 Nf6 8. Nc3
O-O 9. Be2 Na6 10. O-O e6 11. Be3 exd5 12. Nxd5 Nxd5 13. Qxd5 Qxd5 14. cxd5 Re8
15. Rac1 b6 1/2-1/2

[Event "Ct. Catalunya eq DH"]
[Site "?"]
[Date "2012.??.??"]
[Round "5.3"]
[White "Khaidorov, V."]
[Black "Alonso Garcia, R."]
[Result "1/2-1/2"]
[WhiteElo "2350"]
[BlackElo "2448"]
[PlyCount "61"]
[EventDate "2012.??.??"]
[EventType "team"]
[EventRounds "11"]

1. d4 Nf6 2. Nf3 e6 3. Bf4 c5 4. e3 Qb6 5. Nbd2 d5 6. Rb1 Nc6 7. c3 Nh5 8. Bg5
h6 9. Bh4 g5 10. Ne5 Nxe5 11. Qxh5 Ng6 12. Bg3 cxd4 13. exd4 e5 14. Bxe5 Nxe5
15. Qe2 Bg7 16. dxe5 O-O 17. Qb5 Qc7 18. Nf3 Bf5 19. Rd1 a6 20. Qb3 Bxe5 21.
Be2 Rfe8 22. h3 Bg7 23. Rd2 Be6 24. Nd4 Qf4 25. Qd1 Be5 26. Kf1 Bc7 27. g3 Qf6
28. Kg2 Rad8 29. Bf3 Kh8 30. Qc2 Bb6 31. Qd3 1/2-1/2

[Event "Ct. Catalunya eq DH"]
[Site "?"]
[Date "2012.02.25"]
[Round "5.3"]
[White "Pomes Marcet, J."]
[Black "Perez Mitjans, O."]
[Result "1-0"]
[WhiteElo "2407"]
[BlackElo "2525"]
[PlyCount "91"]
[EventDate "2012.??.??"]
[EventType "team"]
[EventRounds "11"]

1. d4 Nf6 2. c4 c5 3. d5 b5 4. cxb5 a6 5. bxa6 g6 6. Nc3 Bxa6 7. g3 d6 8. Bg2
Bg7 9. Nf3 Nbd7 10. Rb1 Qa5 11. Bd2 O-O 12. O-O Rfb8 13. Qc2 Qc7 14. b3 Nb6 15.
Nh4 Qb7 16. Rfd1 Nfxd5 17. Nxd5 Nxd5 18. Bh6 Bxh6 19. Bxd5 Qc7 20. Nxg6 e6 21.
Bxa8 Rxa8 22. Nh4 Bb7 23. a4 f5 24. Qc3 Be4 25. Qf6 Bxb1 26. Rxb1 Bf8 27. Qxe6+
Qf7 28. Qxf7+ Kxf7 29. Nxf5 Ke6 30. Ne3 Bh6 31. Nc2 d5 32. e3 Bg7 33. Na3 Kf5
34. Nb5 Ke4 35. Rc1 d4 36. Rxc5 d3 37. Kf1 Rd8 38. Rc4+ Kf5 39. Ke1 d2+ 40. Kd1
Rd3 41. Nd4+ Bxd4 42. Rxd4 Rxb3 43. Kxd2 Rb2+ 44. Ke1 h5 45. h4 Ra2 46. Kf1 1-0

[Event "Ct. Catalunya eq DH"]
[Site "?"]
[Date "2012.??.??"]
[Round "5.4"]
[White "Bergez, L."]
[Black "Vila Gazquez, X."]
[Result "0-1"]
[WhiteElo "2428"]
[BlackElo "2490"]
[PlyCount "84"]
[EventDate "2012.??.??"]
[EventType "team"]
[EventRounds "11"]

1. e4 c5 2. Nf3 e6 3. b3 a6 4. Bb2 Nc6 5. g3 d5 6. exd5 exd5 7. Qe2+ Qe7 8.
Qxe7+ Ngxe7 9. Bg2 Nb4 10. Kd1 Bf5 11. d3 c4 12. Na3 cxd3 13. c3 Nbc6 14. Nh4
Be6 15. Kd2 O-O-O 16. Kxd3 Nf5 17. Nf3 Bc5 18. Nc2 Bxf2 19. Rhf1 Bc5 20. Ng5 h6
21. Nxe6 fxe6 22. Rae1 Kd7 23. Bxd5 Nxg3 24. hxg3 exd5 25. c4 Kc8 26. Bxg7 Rhg8
27. Rf7 Rd7 28. Rxd7 Kxd7 29. Bxh6 Rxg3+ 30. Be3 d4 31. Rg1 Rh3 32. Rg5 Nb4+
33. Nxb4 Rxe3+ 34. Kc2 Bxb4 35. Rd5+ Kc6 36. Rxd4 Re2+ 37. Kb1 Ba3 38. Rd1 Rb2+
39. Ka1 Kc5 40. Rh1 Kb4 41. Rg1 Rh2 42. Kb1 Bb2 0-1

[Event "Ct. Catalunya eq DH"]
[Site "?"]
[Date "2012.02.25"]
[Round "5.4"]
[White "Borras Duran, P."]
[Black "Lariño Nieto, D."]
[Result "0-1"]
[WhiteElo "2331"]
[BlackElo "2493"]
[PlyCount "90"]
[EventDate "2012.??.??"]
[EventType "team"]
[EventRounds "11"]

1. d4 e6 2. Nf3 Nf6 3. Bf4 c5 4. c3 d5 5. e3 Nc6 6. Nbd2 Bd6 7. Ne5 Bxe5 8.
Bxe5 Nxe5 9. dxe5 Nd7 10. f4 Qb6 11. Qb3 c4 12. Qxb6 axb6 13. Nf3 f6 14. exf6
gxf6 15. a3 Nc5 16. O-O-O Bd7 17. g3 Ba4 18. Re1 Bc6 19. Rg1 O-O 20. g4 Kh8 21.
g5 e5 22. gxf6 exf4 23. exf4 Rxf6 24. Re7 Re8 25. Rgg7 Rxe7 26. Rxe7 Rxf4 27.
Be2 Nb3+ 28. Kd1 d4 29. Nxd4 Nxd4 30. cxd4 Rxd4+ 31. Kc2 Rh4 32. h3 Rxh3 33.
Bxc4 h5 34. Bd3 Rh2+ 35. Kc3 h4 36. b4 h3 37. Kd4 Rh1 38. a4 Bg2 39. a5 Rd1 40.
Kc3 Rxd3+ 41. Kxd3 h2 42. Re1 h1=Q 43. Rxh1+ Bxh1 44. Kc4 bxa5 45. bxa5 Bg2 0-1

[Event "Ct. Catalunya eq DH"]
[Site "?"]
[Date "2012.??.??"]
[Round "5.4"]
[White "Cuadras Avellana, J."]
[Black "Farran Martos, J."]
[Result "1-0"]
[WhiteElo "2383"]
[BlackElo "2306"]
[PlyCount "83"]
[EventDate "2012.??.??"]
[EventType "team"]
[EventRounds "11"]

1. e4 e6 2. d4 d5 3. Nc3 Bb4 4. e5 c5 5. a3 Bxc3+ 6. bxc3 Qc7 7. Qg4 f5 8. Qg3
cxd4 9. cxd4 Ne7 10. c3 O-O 11. Ne2 b6 12. Nf4 Qd7 13. a4 Ba6 14. Bxa6 Nxa6 15.
Ba3 Rfc8 16. Bxe7 Qxe7 17. O-O Nb8 18. a5 b5 19. a6 b4 20. cxb4 Nc6 21. Rfd1
Rab8 22. Qa3 Kf7 23. Rab1 Rxb4 24. Rxb4 Nxb4 25. Rb1 Rc6 26. h3 Nxa6 27. Qa4
Qc7 28. Kh2 Qc8 29. g4 fxg4 30. hxg4 Rc4 31. Qa1 Rc6 32. Rb3 Rb6 33. Rf3 Kg8
34. Qa3 Qd8 35. Kg3 Qe8 36. Rc3 Kf7 37. Qc1 Qd7 38. Qc2 g6 39. Qc1 Kg7 40. Rc8
Rb3+ 41. f3 Rb6 42. Nh5+ 1-0

[Event "Ct. Catalunya eq DH"]
[Site "?"]
[Date "2012.02.25"]
[Round "5.4"]
[White "Vang Glud, J."]
[Black "Sanchez Ibern, M."]
[Result "1-0"]
[WhiteElo "2487"]
[BlackElo "2368"]
[PlyCount "79"]
[EventDate "2012.??.??"]
[EventType "team"]
[EventRounds "11"]

1. c4 Nf6 2. Nc3 d5 3. cxd5 Nxd5 4. Nf3 g6 5. Qa4+ Bd7 6. Qb3 Nb6 7. d4 Bg7 8.
Bf4 O-O 9. e3 Be6 10. Qa3 Nc6 11. Be2 h6 12. O-O f5 13. Rad1 Nd5 14. Bg3 Kh7
15. Ne5 Nxe5 16. Bxe5 Nxc3 17. Qxc3 Bxe5 18. dxe5 Qc8 19. Rd2 c6 20. Bc4 a5 21.
f4 b5 22. Bxe6 Qxe6 23. Rfd1 Ra7 24. Qc5 Rfa8 25. h4 h5 26. a3 Rc7 27. Qb6 Raa7
28. Rc1 a4 29. Kh2 Rab7 30. Qc5 Rc8 31. Rcd1 Rcc7 32. Rd8 Kg7 33. Ra8 Rd7 34.
Rxd7 Qxd7 35. Qc3 Qe6 36. Rd8 Qc4 37. Qa5 Qc5 38. Qa8 Qxe3 39. Rg8+ Kf7 40.
Qe8+ 1-0

[Event "Ct. Catalunya eq DH"]
[Site "?"]
[Date "2012.02.25"]
[Round "5.4"]
[White "Vidarte Morales, A."]
[Black "Simon Padros, E."]
[Result "0-1"]
[WhiteElo "2400"]
[BlackElo "2310"]
[PlyCount "100"]
[EventDate "2012.??.??"]
[EventType "team"]
[EventRounds "11"]

1. Nf3 Nf6 2. d4 g6 3. c4 Bg7 4. Nc3 O-O 5. g3 d6 6. Bg2 Nc6 7. O-O e5 8. d5
Ne7 9. e4 c6 10. h3 cxd5 11. cxd5 a6 12. Be3 b5 13. Nd2 Nh5 14. Kh2 f5 15. Bg5
f4 16. g4 Nf6 17. f3 h5 18. Bh4 Nh7 19. b4 Bf6 20. Bf2 hxg4 21. fxg4 Bd7 22.
Nb3 Rc8 23. Rc1 Ng5 24. Qd3 Rf7 25. h4 Rh7 26. Kg1 f3 27. hxg5 fxg2 28. gxf6
gxf1=Q+ 29. Rxf1 Bxg4 30. Bg3 Nf5 31. exf5 gxf5 32. Qe3 Qxf6 33. Ne4 Qg6 34.
Qg5 Qxg5 35. Nxg5 Rh5 36. Ne6 Rc3 37. Be1 Rch3 38. Kf2 f4 39. Rg1 Rf3+ 40. Kg2
Kf7 41. Nd2 Ra3 42. Nd8+ Ke8 43. Nc6 Rxa2 44. Kf1 Bf5 45. Rg7 Rh2 46. Ne7 Bd3+
47. Kg1 Re2 48. Nf3 e4 49. Nf5 exf3 50. Nxd6+ Kf8 0-1

[Event "Ct. Catalunya eq DH"]
[Site "?"]
[Date "2012.02.25"]
[Round "5.5"]
[White "Granados Gomez, M."]
[Black "Mellado Triviño, J."]
[Result "1-0"]
[WhiteElo "2366"]
[BlackElo "2435"]
[PlyCount "69"]
[EventDate "2012.??.??"]
[EventType "team"]
[EventRounds "11"]

1. d4 d5 2. Nf3 Nc6 3. Bf4 Bg4 4. e3 e6 5. c4 Bd6 6. Bxd6 Qxd6 7. Nc3 Nge7 8.
c5 Qd7 9. Be2 Bxf3 10. Bxf3 e5 11. dxe5 Nxe5 12. Bxd5 Nxd5 13. Qxd5 Nd3+ 14.
Ke2 Qxd5 15. Nxd5 O-O-O 16. Ne7+ Kb8 17. c6 Rhe8 18. Nf5 Re5 19. g4 g6 20. Rad1
gxf5 21. Rxd3 Rxd3 22. Kxd3 fxg4 23. h3 Rf5 24. Ke2 gxh3 25. Rxh3 h5 26. Rf3
Rc5 27. Rxf7 a5 28. e4 Rc2+ 29. Kd3 Rxb2 30. e5 Rb1 31. Ke4 bxc6 32. e6 Re1+
33. Kf5 h4 34. Rh7 c5 35. Rxh4 1-0

[Event "Ct. Catalunya eq DH"]
[Site "?"]
[Date "2012.02.25"]
[Round "5.5"]
[White "Gual Pascual, A."]
[Black "Gutierrez Clares, J."]
[Result "1/2-1/2"]
[WhiteElo "2504"]
[BlackElo "2313"]
[PlyCount "84"]
[EventDate "2012.??.??"]
[EventType "team"]
[EventRounds "11"]

1. d4 Nf6 2. c4 g6 3. Nc3 Bg7 4. Nf3 d6 5. Bg5 h6 6. Bh4 g5 7. Bg3 Nh5 8. e3 c6
9. Bd3 a6 10. O-O Nd7 11. Qc2 O-O 12. Rfd1 Ndf6 13. b4 Qe8 14. Rab1 Nxg3 15.
hxg3 Ng4 16. Na4 Rb8 17. Nb6 e6 18. b5 c5 19. d5 Qd8 20. Nxc8 Rxc8 21. bxa6
bxa6 22. Qa4 Qf6 23. dxe6 fxe6 24. Be4 Rfd8 25. Qxa6 Bf8 26. a4 Rc7 27. a5 Rdd7
28. Qb6 Qc3 29. Rdc1 Qg7 30. a6 Kh8 31. Bb7 Qf7 32. Rc3 Nxf2 33. Kxf2 g4 34.
Rcb3 d5 35. cxd5 gxf3 36. e4 c4 37. Rxf3 Bc5+ 38. Qxc5 Rxc5 39. a7 Ra5 40.
a8=Q+ Rxa8 41. Bxa8 Qe7 42. Kg1 Qc5+ 1/2-1/2

[Event "Ct. Catalunya eq DH"]
[Site "?"]
[Date "2012.02.25"]
[Round "5.5"]
[White "Trepat Herranz, J."]
[Black "Raineri de Luca, P."]
[Result "1/2-1/2"]
[WhiteElo "2376"]
[BlackElo "2371"]
[PlyCount "149"]
[EventDate "2012.??.??"]
[EventType "team"]
[EventRounds "11"]

1. e4 c6 2. d4 d5 3. Nc3 dxe4 4. Nxe4 Bf5 5. Ng3 Bg6 6. Nh3 e6 7. Nf4 Bd6 8. h4
Bxf4 9. Bxf4 h6 10. h5 Bh7 11. Qd2 Nf6 12. O-O-O a5 13. Be5 Nbd7 14. Bd3 Bxd3
15. Bxf6 Nxf6 16. Qxd3 O-O 17. Kb1 a4 18. Ne4 Nxe4 19. Qxe4 Ra5 20. g4 Qd5 21.
Qe2 a3 22. b3 Qd6 23. Qd2 Rg5 24. Rhg1 f5 25. gxf5 Rfxf5 26. Rxg5 Rxg5 27. Rh1
e5 28. c3 exd4 29. cxd4 Rd5 30. Rh4 Qf6 31. Rf4 Qg5 32. Qc1 Rf5 33. Rxf5 Qxf5+
34. Ka1 Qxh5 35. Qxa3 Qd1+ 36. Kb2 Qxd4+ 37. Kc1 Qc3+ 38. Kd1 Qf3+ 39. Ke1 b5
40. Qa8+ Kh7 41. Qe8 h5 42. a4 bxa4 43. bxa4 h4 44. Qe7 Qc3+ 45. Kf1 Qc4+ 46.
Qe2 Qd5 47. Kg1 Kh6 48. a5 Qxa5 49. Qe6+ g6 50. Qxc6 Qe1+ 51. Kg2 Qe2 52. Qc8
Qe4+ 53. Kg1 Qf4 54. Kg2 Qe4+ 55. Kg1 Kg5 56. Qd8+ Kg4 57. Qd7+ Kf3 58. Qh3+
Ke2 59. Qf1+ Kd2 60. Qh3 Kd1 61. Qb3+ Ke2 62. Qa2+ Kf3 63. Qf7+ Qf5 64. Qb7+
Kg4 65. Qg2+ Kh5 66. Kh2 Qf4+ 67. Kh3 Qf5+ 68. Kh2 g5 69. f3 Qe5+ 70. Kh1 Qf4
71. Qh3 Qc1+ 72. Kg2 Qd2+ 73. Kf1 Qd3+ 74. Kf2 Qd4+ 75. Kf1 1/2-1/2

[Event "Ct. Catalunya eq DH"]
[Site "?"]
[Date "2012.02.25"]
[Round "5.5"]
[White "Ubach Miralda, M."]
[Black "Gomez Jurado, LA."]
[Result "1/2-1/2"]
[WhiteElo "2357"]
[BlackElo "2356"]
[PlyCount "143"]
[EventDate "2012.??.??"]
[EventType "team"]
[EventRounds "11"]

1. c4 g6 2. g3 Bg7 3. Bg2 Nf6 4. e4 d6 5. Nc3 c5 6. Nge2 Nc6 7. Rb1 O-O 8. O-O
Rb8 9. a3 a6 10. b4 cxb4 11. axb4 b5 12. cxb5 axb5 13. d4 e5 14. d5 Ne7 15. Ra1
Bd7 16. Qd3 Ne8 17. Be3 f5 18. f3 fxe4 19. fxe4 Rxf1+ 20. Bxf1 Ra8 21. Rxa8
Qxa8 22. Nxb5 Qa4 23. Nec3 Qxb4 24. Qc4 Qxc4 25. Bxc4 Nc8 26. Kf1 Bf6 27. Na7
Nxa7 28. Bxa7 Kf7 29. Bb5 Ke7 30. Ke2 h5 31. Bxd7 Kxd7 32. h3 Bd8 33. Nb5 Ba5
34. Be3 Bd8 35. Kf3 Ba5 36. g4 hxg4+ 37. Kxg4 Ke7 38. Bg5+ Kf7 39. Na7 Bb6 40.
Nc6 Nf6+ 41. Bxf6 Kxf6 42. Nb4 Bc5 43. Nd3 Bd4 44. Ne1 Bc5 45. Nf3 Be3 46. h4
Bc1 47. h5 gxh5+ 48. Kxh5 Be3 49. Nh2 Bd2 50. Nf3 Be3 51. Nh4 Bc5 52. Nf5 Ba3
53. Ne3 Bc5 54. Ng4+ Kf7 55. Kg5 Bb4 56. Kf5 Bc5 57. Nh2 Bd4 58. Nf3 Be3 59.
Ne1 Bd4 60. Nd3 Bc3 61. Nf2 Bd4 62. Ng4 Bc5 63. Nf6 Bd4 64. Nd7 Ba7 65. Nf6 Bd4
66. Ng4 Bc5 67. Kg5 Kg7 68. Nf6 Kf7 69. Nd7 Be3+ 70. Kg4 Ke7 71. Nb8 Kf6 72.
Nc6 1/2-1/2

[Event "Ct. Catalunya eq DH"]
[Site "?"]
[Date "2012.02.25"]
[Round "5.6"]
[White "Adel Lahchaichi, O."]
[Black "Fernandez Cazorla, A."]
[Result "1/2-1/2"]
[WhiteElo "2368"]
[BlackElo "2325"]
[PlyCount "111"]
[EventDate "2012.??.??"]
[EventType "team"]
[EventRounds "11"]

1. c4 e5 2. g3 Nc6 3. Bg2 Nf6 4. Nc3 g6 5. e4 Bg7 6. Nge2 O-O 7. O-O d6 8. d3
Be6 9. h3 Qd7 10. Kh2 Ne8 11. Be3 f5 12. exf5 Bxf5 13. d4 exd4 14. Nxd4 Nxd4
15. Bxd4 c6 16. Qd2 Bxd4 17. Qxd4 Qg7 18. Rad1 Qxd4 19. Rxd4 Rd8 20. f4 Kg7 21.
Rfd1 h5 22. Bf3 Nf6 23. Rxd6 Rde8 24. R6d2 Re3 25. Bg2 h4 26. g4 Bxg4 27. hxg4
Nxg4+ 28. Kg1 h3 29. Bf1 Rg3+ 30. Kh1 Rxf4 31. Ne2 Rxf1+ 32. Rxf1 Rg2 33. Rd7+
Kh6 34. Nf4 Nf2+ 35. Rxf2 Rxf2 36. Nxh3 Rxb2 37. a4 a5 38. Nf4 Rb4 39. Ne6 Rxc4
40. Rxb7 Rxa4 41. Rc7 Rc4 42. Nd8 a4 43. Rxc6 Rxc6 44. Nxc6 a3 45. Nb4 Kg5 46.
Kg2 Kf4 47. Kf2 Ke4 48. Ke2 g5 49. Kf2 Ke5 50. Kg3 Kd6 51. Kg4 Kc5 52. Na2 Kc4
53. Kxg5 Kb3 54. Nc1+ Kc2 55. Na2 Kb2 56. Nb4 1/2-1/2

[Event "Ct. Catalunya eq DH"]
[Site "?"]
[Date "2012.??.??"]
[Round "5.6"]
[White "Alonso Moyano, J."]
[Black "Alexandrova, O."]
[Result "1-0"]
[WhiteElo "2456"]
[BlackElo "2433"]
[PlyCount "93"]
[EventDate "2012.??.??"]
[EventType "team"]
[EventRounds "11"]

1. e4 c6 2. d4 d5 3. e5 c5 4. dxc5 Nc6 5. Bf4 e6 6. Nd2 Nge7 7. Ngf3 Ng6 8. Bg3
Bxc5 9. Nb3 Bb6 10. Bd3 O-O 11. c3 f5 12. exf6 Qxf6 13. Bxg6 Qxg6 14. O-O Bd7
15. Nbd4 Nxd4 16. Nxd4 Qf6 17. Re1 Bxd4 18. cxd4 Rac8 19. Qd2 Rc4 20. Be5 Qf5
21. Rac1 Rfc8 22. Rc3 Rxc3 23. bxc3 Be8 24. Qb2 b6 25. h3 Bg6 26. Qa3 Rf8 27.
Qxa7 Qxf2+ 28. Kh2 Rf7 29. Qb8+ Rf8 30. Qc7 Bf7 31. Bg3 Qxa2 32. Bd6 Qf2 33.
Bxf8 Qxe1 34. Qd8 h6 35. Bd6+ Kh7 36. Qf8 Bh5 37. Be5 Kg6 38. Qxg7+ Kf5 39. g4+
Ke4 40. gxh5 Qxc3 41. Qg4+ Kd3 42. Qg3+ Kc4 43. Qxc3+ Kxc3 44. Bg7 b5 45. Bxh6
b4 46. Bf8 b3 47. Ba3 1-0

[Event "Ct. Catalunya eq DH"]
[Site "?"]
[Date "2012.02.25"]
[Round "5.6"]
[White "Fernandez Madrid, C."]
[Black "Aloma Vidal, R."]
[Result "0-1"]
[WhiteElo "2290"]
[BlackElo "2497"]
[PlyCount "124"]
[EventDate "2012.??.??"]
[EventType "team"]
[EventRounds "11"]

1. c4 Nf6 2. Nc3 d5 3. cxd5 Nxd5 4. g3 g6 5. Bg2 Nb6 6. h4 h6 7. d3 Bg7 8. Bd2
N8d7 9. h5 g5 10. Nf3 Nf6 11. Qc2 c6 12. Ne5 Qd4 13. f4 gxf4 14. gxf4 Ng4 15.
Nxg4 Bxg4 16. O-O-O O-O-O 17. Rdg1 f5 18. Kb1 Kb8 19. Rc1 Rhg8 20. a4 Nc4 21.
dxc4 Qxd2 22. Qb3 Qd6 23. a5 Bxc3 24. Rxc3 Bxe2 25. c5 Qc7 26. Bh3 Qxf4 27. Re3
Bc4 28. Qc3 e6 29. Rc1 Bd5 30. a6 Rd7 31. Bf1 Qa4 32. Qe5+ Rc7 33. Bc4 Bxc4 34.
Ra3 Qb5 35. axb7 a5 36. Qc3 a4 37. Qxc4 Rxb7 38. Qc3 Rg4 39. Qd2 Rb4 40. Ra2
Ka7 41. Qc3 f4 42. Ka1 f3 43. Rc2 Rd7 44. Qxf3 Qd3 45. Qxd3 Rxd3 46. Rc1 Ka6
47. Re1 Re4 48. Rb1 Kb5 49. Rc1 Rc4 50. Re1 Re3 51. Rd1 Rd3 52. Re1 Rcd4 53.
Ra3 Rd1+ 54. Rxd1 Rxd1+ 55. Ka2 Rd5 56. Re3 e5 57. Rg3 e4 58. Re3 Re5 59. Ka3
Kxc5 60. Kxa4 Kd4 61. Rc3 e3 62. Rxc6 e2 0-1

[Event "Ct. Catalunya eq DH"]
[Site "?"]
[Date "2012.02.25"]
[Round "5.6"]
[White "Gonzalez Perez, A."]
[Black "Yepes Martinez, E."]
[Result "1-0"]
[WhiteElo "2464"]
[BlackElo "2256"]
[PlyCount "165"]
[EventDate "2012.??.??"]
[EventType "team"]
[EventRounds "11"]

1. d4 f5 2. g3 Nf6 3. Bg2 g6 4. c3 Bg7 5. Qb3 Nc6 6. Nf3 e6 7. Nbd2 Qe7 8. O-O
O-O 9. Re1 d5 10. Qc2 Ne4 11. Rf1 Kh8 12. Ne1 e5 13. dxe5 Nxe5 14. Nd3 Nxd2 15.
Bxd2 c6 16. Be3 Re8 17. Bc5 Qc7 18. Nxe5 Bxe5 19. e3 Be6 20. Rfd1 Rad8 21. Qa4
b6 22. Bd4 Bf7 23. Rd2 Kg8 24. Bxe5 Rxe5 25. Rad1 b5 26. Qd4 Rde8 27. h4 Qb6
28. Qf4 Qc5 29. Rd4 Qe7 30. a4 a6 31. axb5 axb5 32. Ra1 Kg7 33. Rd2 h6 34. b4
g5 35. hxg5 hxg5 36. Qd4 Qf6 37. Rda2 R5e6 38. Bh3 g4 39. Bf1 R8e7 40. Bd3 Qxd4
41. cxd4 Kf6 42. Kg2 Bg6 43. Ra6 Rb7 44. Rc1 Be8 45. Rh1 Bg6 46. Rh8 Rc7 47.
Kf1 Kg7 48. Rb8 Kf6 49. Rbb6 Bf7 50. Rb8 Bg6 51. Ke2 Bf7 52. Rbb6 Bg8 53. Ra1
Rce7 54. Rc1 f4 55. gxf4 g3 56. Rbxc6 g2 57. Rxe6+ Bxe6 58. f5 Bxf5 59. Bxf5
Kxf5 60. Kf3 Rc7 61. Rb1 Rc4 62. Kxg2 Ke4 63. Rb3 Rc2 64. Kg3 Rc8 65. f3+ Kf5
66. Ra3 Rc4 67. Ra8 Rxb4 68. Re8 Rb3 69. Re5+ Kf6 70. Kf4 Rb1 71. Rxd5 b4 72.
Rd6+ Ke7 73. Rb6 b3 74. Ke5 b2 75. Rb7+ Kd8 76. e4 Rf1 77. Rxb2 Rxf3 78. Rb7
Rh3 79. Kd5 Rh6 80. e5 Ra6 81. Rh7 Ra5+ 82. Ke4 Ra4 83. e6 1-0

[Event "Ct. Catalunya eq DH"]
[Site "?"]
[Date "2012.02.25"]
[Round "5.6"]
[White "Martinez Ramirez, E."]
[Black "Canal Oliveras, J."]
[Result "1-0"]
[WhiteElo "2366"]
[BlackElo "2328"]
[PlyCount "139"]
[EventDate "2012.??.??"]
[EventType "team"]
[EventRounds "11"]

1. e4 d5 2. exd5 Nf6 3. d4 Bg4 4. Be2 Bxe2 5. Qxe2 Qxd5 6. Nf3 Nc6 7. c4 Qe4 8.
Be3 e6 9. O-O O-O-O 10. Nc3 Qf5 11. Rfd1 Be7 12. a3 Ne4 13. Qd3 Nd6 14. b3 Bf6
15. Qxf5 Nxf5 16. Ne2 h5 17. b4 Rd7 18. Ra2 Rhd8 19. Rad2 Nce7 20. h3 Nd6 21.
Rc2 Nef5 22. g4 hxg4 23. hxg4 Nxe3 24. fxe3 Ne4 25. Rf1 Rh8 26. Kg2 g6 27. Ng3
Ng5 28. Rcf2 Nh3 29. Re2 Ng5 30. Nxg5 Bxg5 31. Ne4 Bh4 32. g5 Rdd8 33. Rxf7 Rh5
34. Rf6 Rg8 35. Rxe6 Bxg5 36. Re5 Bh6 37. Nf6 Rxe5 38. dxe5 Rf8 39. Nd5 Re8 40.
Kf3 Rxe5 41. Rh2 c6 42. Ne7+ Rxe7 43. Rxh6 Re6 44. e4 Kc7 45. c5 a5 46. Rh7+
Kb8 47. Rg7 axb4 48. axb4 Ka7 49. Kf4 Ka6 50. e5 b6 51. cxb6 Kxb6 52. Rf7 g5+
53. Kf5 Re8 54. e6 Kb5 55. Rb7+ Ka6 56. Rg7 Kb5 57. Rb7+ Ka6 58. Rd7 g4 59. Rg7
Kb5 60. Rxg4 c5 61. bxc5 Kxc5 62. Kf6 Rf8+ 63. Kg7 Rf1 64. e7 Re1 65. Kf7 Rf1+
66. Ke6 Re1+ 67. Kd7 Rd1+ 68. Kc7 Re1 69. Rg5+ Kc4 70. Kd7 1-0

[Event "Ct. Catalunya eq DH"]
[Site "?"]
[Date "2012.02.25"]
[Round "5.7"]
[White "Armengol Comas, J."]
[Black "Randazzo, A."]
[Result "1-0"]
[WhiteElo "2299"]
[BlackElo "2347"]
[PlyCount "95"]
[EventDate "2012.??.??"]
[EventType "team"]
[EventRounds "11"]

1. e4 c5 2. d3 Nc6 3. g3 g6 4. Bg2 d6 5. f4 Bg7 6. Nf3 Nf6 7. O-O O-O 8. h3 c4
9. g4 cxd3 10. cxd3 Rb8 11. Be3 b5 12. Nc3 b4 13. Ne2 Qa5 14. Qd2 Ba6 15. Rfc1
Qb5 16. Ng3 Rbc8 17. d4 Qb7 18. Ne1 e6 19. e5 dxe5 20. fxe5 Nd5 21. Ne4 Nxe3
22. Qxe3 Qb6 23. Rc5 Rfd8 24. Nf6+ Kh8 25. Rac1 Nxd4 26. Rxc8 Bxc8 27. Kh2 Qb8
28. g5 Nf5 29. Qc5 Bb7 30. Qc7 Bxg2 31. Nxg2 Bxf6 32. gxf6 Kg8 33. Qxb8 Rxb8
34. Rc7 a5 35. Ne1 h5 36. Nf3 Rd8 37. Ra7 Nd4 38. Ng5 Rc8 39. Nxf7 h4 40. Ng5
Rc2+ 41. Kh1 Rc8 42. Kg2 Rc2+ 43. Kg1 Rc1+ 44. Kf2 Rc2+ 45. Ke3 Nf5+ 46. Kd3
Rc8 47. f7+ Kh8 48. Nxe6 1-0